Qui a dit ... ? (hommes politiques) - Statistiques

Statistiques générales
  • Ce quiz a été pris 2 543 fois
  • Le résultat moyen est 5 sur 15
Statistiques - réponses
Hint Réponse % Correct
I have a dream Martin Luther King
92%
Paris ! Paris outragé ! Paris brisé ! Paris martyrisé ! Mais Paris libéré ! Charles de Gaulle
91%
Veni vedi vici Jules César
84%
Ma femme est un homme politique. Jacques Chirac
66%
Dans l’armée rouge il faut bien plus de courage pour battre en retraite que pour avancer. Joseph Staline
40%
The “yes” needs the “no” to win, against the “no”. Jean-Pierre Raffarin
32%
Aucun roi de France n'aurait été réélu au bout de sept ans. Valéry Giscard d'Estaing
32%
La guerre ! C'est une chose trop grave pour la confier à des militaires. Clemenceau
21%
De quoi vivrait l'Eglise, si ce n'est du péché de ses fidèles? Adolf Hitler
19%
Un ministre, ça ferme sa gueule. Si ça veut l'ouvrir, ça démissionne. Jean-Pierre Chevènement
14%
Je ne fais pas de promesses, mais je les tiens. Edouard Balladur
9%
On ne fait pas la guerre pour se débarrasser de la guerre. Jean Jaurès
6%
C'est toujours l'impatience de ganger qui fait perdre. Louis XIV
6%
La politique n'est pas une mauvaise compagne François Bayrou
3%
Le Sénat n'est qu'une maison de retraite pour privilégiés de la politique Noël Mamère
2%
Aucun quiz correspondant
Distribution des résultats
% des personnes avec chaque résultat
Percentile par nombre de réponses
Votre historique - résultats
Vous n’avez pas pris ce quiz